000 00897nam a2200265 a 4500
001 1327
003 BR-CuiBMT
005 20231205030523.0
008 231201s2011 dfba 001 0 por d
020 _a9788570182784
040 _aBR-CuiBMT
_cBR-CuiBMT
080 _a94
_x(81).044/.046
_22007
090 _a94(81).044/.046
_bA366i
100 1 _aAlecrim, Otacílio
_d1906-1968
245 1 0 _aIdeias e instituições no império :
_binfluências francesas /
_cOtacílio Alecrim.
260 _aBrasília :
_bSenado Federal :
_bConselho Editorial,
_c2011.
300 _a186 p. :
_bil. ;
_c23 cm
490 1 _aColeção edições do Senado Federal ;
_vv. 136
504 _aInclui índice.
650 _aDireito constitucional
_zBrasil
650 _aAssembléia constituinte
_zBrasil
_y1924
650 _aConstituição
_y1824
_zBrasil
830 0 _aEdições do Senado Federal ;
_v136
942 _2udc
_cLV
999 _c1327
_d1327